00509nam a2200181 a 4500001001300000003000900013005001700022008004100039020001000080082001300090100001600103245007600119260004400195300001000239500003500249505002000284650002300304nice12345678IN_TiNIC20260116014504.0071219s1995 dela grp 000 0 eng  ac69500a423bYUL aYule, Henry aHobson-Jobsonb A Glossary of Colloquial Anglo-Indian Words and Phrases aDelhibAsian Educational Servicesc1995 a1021p aincludes index and biblioraphy2 aglossary, index aDictionary-English